00911nam a22003737a 450000500170000000800410001702000180005804100080007608200150008424500730009925000160017226000130018826000130020126000090021430000180022330000260024165000220026765000150028965000220030465000130032665000220033965000090036165000110037065000220038165000210040365000090042465000100043365000120044365000120045565000110046794200120047899900170049095200300050720251017105207.0191113b2017 sp ||||| |||| 00| 0 spa d a9788491131281 aESP a611 W425a5 aWeir y Abrahams: atlas de anatomía humana por técnicas de imagen a5 edición aEspaña bElsevier c2017 a263 páginas bIlustraciones a color aANATOMÍA HUMANA aENCÉFALO aNERVIOS CRANEALES aCRÁNEO aSENOS PARANASALES aCARA aCUELLO aCOLUMNA VERTEBRAL aMÉDULA ESPINAL aMAMA aAXILA aTÓRAX aABDOMEN aPELVIS cBK2ddc c12468d12468 o611 W425a5p24701xMDyBK